Ley Orgánica del Colegio Federado de Ingenieros y Arquitectos de Costa Rica

Spremljeno u:
Bibliografski detalji
Autor kompanije: Costa Rica. [Leyes, etc.]
Format: Knjiga
Jezik:Spanish
Izdano: San José, C.R. : Asamblea Legislativa 1966.
Teme:
Oznake: Dodaj oznaku
Bez oznaka, Budi prvi tko označuje ovaj zapis!

MARC

LEADER 00000nam a2200000Ia 4500
003 003379
005 20221231144008.0
008 140114s1966 cr a 000 ||spa d
040 |c cru CEDI 
082 |a 346.064 C8374Lc 
110 |9 21859  |a Costa Rica. [Leyes, etc.] 
245 |a Ley Orgánica del Colegio Federado de Ingenieros y Arquitectos de Costa Rica 
260 |a  San José, C.R. : Asamblea Legislativa  |c 1966. 
300 |a 126 páginas 
650 |x COLEGIO FEDERADO DE INGENIEROS Y ARQUITECTOS DE COSTA RICA - LEGISLACION  |9 20489 
942 |2 ddc  |c BK 
999 |c 15341  |d 15341